[Event "Judit Polgar Cup"]
[Site "SchemingMind.com"]
[Date "2017.06.27"]
[Round "-"]
[White "kenneth m day"]
[Black "emvarela"]
[Result "0-1"]
[WhiteCountry "USA"]
[BlackCountry "ARG"]
[WhiteElo "1726"]
[WhiteRD "60"]
[BlackElo "1904"]
[BlackRD "62"]
[GameID "415670"]

1. e4 e5 2. Nf3 Nc6 3. c3 Nf6 4. d4 Nxe4 5. d5 Ne7 6. Nxe5 Ng6 7. Nxg6 hxg6 8. Bd3 Nf6 9. Qf3 Qe7+ 10. Be3 d6
11. Nd2 Qe5 12. O-O-O Bg4 13. Qe4 Nxe4 14. Rde1 f5 15. Bd4 Qxd5 16. f3 Qxa2 17. c4 c5 18. Bc3 Qa1+ 19. Kc2 Qa4+ 20. Nb3 Kd7
21. fxe4 fxe4 22. Rxe4 Bf5 23. Ra1 Qc6 24. Re3 Bxd3+ 25. Rxd3 Rxh2 26. Rd2 Qe4+ 27. Rd3 Rxg2+ 28. Nd2 Qxc4 29. b3 Qe6 30. Rd1 c4
31. bxc4 Qxc4 32. Rd4 Qa2+ 33. Bb2 Rc8+
0-1

[Event "Judit Polgar Cup"]
[Site "SchemingMind.com"]
[Date "2017.06.27"]
[Round "-"]
[White "emvarela"]
[Black "kenneth m day"]
[Result "1-0"]
[WhiteCountry "ARG"]
[BlackCountry "USA"]
[WhiteElo "1928"]
[WhiteRD "59"]
[BlackElo "1690"]
[BlackRD "62"]
[GameID "415671"]

1. Nf3 Nf6 2. g3 d5 3. d4 g6 4. Bg2 Bg7 5. O-O O-O 6. Nc3 c6 7. Bf4 Nbd7 8. Qd3 b6 9. a4 Re8 10. e4 dxe4
11. Nxe4 a5 12. Nxf6+ Nxf6 13. Ne5 Nd5 14. Bxd5 Qxd5 15. c4 Qe6 16. Qb3 Ba6 17. Qxb6 Bxe5 18. dxe5 Bxc4 19. Rfd1 Bd5 20. Qe3 Qh3
21. f3 f6 22. exf6 exf6 23. Qf2 g5 24. Bd2 Qh5 25. Rf1 g4 26. fxg4 Qxg4 27. Qxf6 Qe4 28. Qg5+ Kh8 29. Bc3+ Re5 30. Bxe5+ Qxe5
31. Qxe5+ Kg8 32. Qg5+
1-0

[Event "Judit Polgar Cup"]
[Site "SchemingMind.com"]
[Date "2017.07.13"]
[Round "-"]
[White "Helga1946"]
[Black "Phillip Beckett"]
[Result "1-0"]
[WhiteCountry "GER"]
[BlackCountry "ENG"]
[WhiteElo "2187"]
[WhiteRD "75"]
[BlackElo "1587"]
[BlackRD "59"]
[GameID "416119"]

1. e4 e5 2. Nf3 Nc6 3. Bb5 a6 4. Bxc6 dxc6 5. h3 Qd6 6. O-O f6 7. d4 exd4 8. Nxd4 c5 9. Nb3 Qxd1 10. Rxd1 Bd7
11. Nc3 b6 12. Nd5 O-O-O 13. Bf4 Bd6 14. Nxb6+ cxb6 15. Rxd6 Kb7 16. Rad1 g5 17. Rxd7+
1-0

[Event "Judit Polgar Cup"]
[Site "SchemingMind.com"]
[Date "2017.07.13"]
[Round "-"]
[White "Phillip Beckett"]
[Black "Helga1946"]
[Result "0-1"]
[WhiteCountry "ENG"]
[BlackCountry "GER"]
[WhiteElo "1587"]
[WhiteRD "59"]
[BlackElo "2187"]
[BlackRD "75"]
[GameID "416120"]

1. e4 e5 2. Nf3 Nc6 3. Bb5 Nd4 4. Nxd4 exd4 5. c3 Qg5 6. Qe2 Qxg2 7. Rf1 dxc3 8. dxc3 Qxh2 9. e5 Ne7 10. Nd2 a6
11. Bd3 d5 12. Nf3 Qh5 13. Bf4 Bg4 14. e6 Bxf3 15. exf7+ Kxf7 16. Qe3 Re8 17. Kd2 Nc6
0-1

[Event "Judit Polgar Cup"]
[Site "SchemingMind.com"]
[Date "2017.07.08"]
[Round "-"]
[White "Abacist"]
[Black "William Lindberg"]
[Result "0-1"]
[WhiteCountry "USA"]
[BlackCountry "USA"]
[WhiteElo "1516"]
[WhiteRD "202"]
[BlackElo "2421"]
[BlackRD "80"]
[GameID "416122"]

1. e4 e6 2. d4 d5 3. Nc3 Nf6 4. e5 Nfd7 5. f4 c5 6. Nf3 Nc6 7. Be3 cxd4 8. Nxd4 Bc5 9. Qd2 O-O 10. O-O-O a6
11. g4 Nxd4 12. Bxd4 b5 13. h4 b4 14. Ne2 a5 15. h5 Ba6 16. g5 Bxe2 17. Bxe2 Qc7 18. Bg4 Rfc8 19. Rh2 a4 20. g6 b3
21. gxh7+ Kh8 22. a3 bxc2
0-1

[Event "Judit Polgar Cup"]
[Site "SchemingMind.com"]
[Date "2017.07.08"]
[Round "-"]
[White "William Lindberg"]
[Black "Abacist"]
[Result "1-0"]
[WhiteCountry "USA"]
[BlackCountry "USA"]
[WhiteElo "2421"]
[WhiteRD "80"]
[BlackElo "1516"]
[BlackRD "202"]
[GameID "416123"]

1. c4 e5 2. Nc3 Nf6 3. Nf3 Nc6 4. e4 Bb4 5. d3 d6 6. a3 Bxc3+ 7. bxc3 Bg4 8. Be2 O-O 9. O-O Qd7 10. h3 Be6
11. Ne1 h6 12. Nc2 Ne7 13. f4 exf4 14. Bxf4 Ng6 15. Bxh6 Bxh3 16. Rxf6 gxh6 17. gxh3 Qxh3 18. Qf1 Qg3+ 19. Qg2 Qxg2+ 20. Kxg2 Kg7
21. Rf2 c5 22. Raf1 Rae8 23. Ne3 Ne5 24. Nf5+
1-0

[Event "Judit Polgar Cup"]
[Site "SchemingMind.com"]
[Date "2017.07.14"]
[Round "-"]
[White "Quaff"]
[Black "Thomas Jacob Kelly"]
[Result "0-1"]
[WhiteCountry "ENG"]
[BlackCountry "USA"]
[WhiteElo "1564"]
[WhiteRD "61"]
[BlackElo "1772"]
[BlackRD "74"]
[GameID "416276"]

1. e4 c5 2. f4 d5 3. e5 f6 4. Nf3 g6 5. exf6 Nxf6 6. Ne5 a6 7. b3 Bg7 8. Bb2 d4 9. h3 Nbd7 10. Nxd7 Bxd7
11. Bd3 Bc6 12. O-O Qd5 13. Rf2 Nh5 14. Bf1 O-O 15. d3 Rxf4 16. Rxf4 Nxf4 17. Qg4 Rf8 18. Nd2 h5 19. Qf3 Be5 20. Qxd5+ Bxd5
21. Re1 Bd6 22. Ne4 Kg7 23. Bc1 Ne6 24. Nxd6 exd6 25. Bd2 b6 26. c4 dxc3 27. Bxc3+ Kh6 28. Be2 g5 29. Rf1 Nf4 30. Bd1 Bxg2
31. Rxf4 Rxf4 32. Kxg2 Rf5 33. Bf3 d5 34. Kg3 Kg6 35. d4 h4+ 36. Kg2 Kf7 37. dxc5 bxc5 38. Bg4 Rf4 39. Be5 Rxg4+ 40. hxg4 Ke6
41. Bc7 d4 42. Bb6 d3 43. Bxc5 d2
0-1

[Event "Judit Polgar Cup"]
[Site "SchemingMind.com"]
[Date "2017.07.14"]
[Round "-"]
[White "Thomas Jacob Kelly"]
[Black "Quaff"]
[Result "1-0"]
[WhiteCountry "USA"]
[BlackCountry "ENG"]
[WhiteElo "1772"]
[WhiteRD "74"]
[BlackElo "1564"]
[BlackRD "61"]
[GameID "416277"]

1. e4 e5 2. d4 exd4 3. c3 dxc3 4. Nxc3 h6 5. Nf3 Bb4 6. Qb3 Bxc3+ 7. Qxc3 f6 8. e5 d5 9. Be3 Be6 10. Nd4 Qd7
11. Nb5 Nc6 12. Bd4 Nxd4 13. Nxc7+ Kf7 14. Nxa8 Nc6 15. f4 Qc8 16. Be2 Qxa8 17. O-O f5 18. Qg3 Nge7 19. Qh4 Ng6 20. Bh5 Ne7
21. Qg3 a5 22. Rac1 Rc8 23. Rfd1 Qa7+ 24. Kf1 Rxc1 25. Rxc1 b5 26. Rc6 Qd7 27. Rc3 d4 28. Ra3 Bc4+ 29. Ke1 a4 30. b3 axb3
31. axb3 b4 32. Ra4 d3 33. Rxb4 d2+ 34. Kd1 Be6 35. Ra4 Qd5 36. Ra7
1-0

[Event "Judit Polgar Cup"]
[Site "SchemingMind.com"]
[Date "2017.07.19"]
[Round "-"]
[White "Janusz Szopa"]
[Black "Wojtek26"]
[Result "1-0"]
[WhiteCountry "POL"]
[BlackCountry "POL"]
[WhiteElo "2236"]
[WhiteRD "73"]
[BlackElo "1608"]
[BlackRD "51"]
[GameID "416521"]

1. e4 e5 2. Nf3 Nc6 3. Bc4 Nf6 4. d4 exd4 5. O-O Bc5 6. e5 Ng8 7. Ng5 Nh6 8. Re1 O-O 9. Qd3 g6 10. Qh3 Kg7
11. Qxh6+ Kxh6 12. Nxf7+ Kg7 13. Bh6+ Kg8 14. Nxd8+ Kh8 15. Nf7+
1-0

[Event "Judit Polgar Cup"]
[Site "SchemingMind.com"]
[Date "2017.07.19"]
[Round "-"]
[White "Wojtek26"]
[Black "Janusz Szopa"]
[Result "0-1"]
[WhiteCountry "POL"]
[BlackCountry "POL"]
[WhiteElo "1608"]
[WhiteRD "51"]
[BlackElo "2236"]
[BlackRD "73"]
[GameID "416522"]

1. d4 Nf6 2. e3 d5 3. c4 e6 4. Nf3 c5 5. Be2 cxd4 6. Nxd4 dxc4 7. Bxc4 a6 8. O-O Bd6 9. Nc3 Qc7 10. Bb3 Bxh2+
11. Kh1 Be5 12. Bd2 O-O 13. Qf3 Bd7 14. Rac1 Nc6 15. Nxc6 Bxc6 16. Qe2 h5 17. Qc4 Ng4 18. f4 Qd8 19. Rcd1 Qh4+
0-1

[Event "Judit Polgar Cup"]
[Site "SchemingMind.com"]
[Date "2017.07.24"]
[Round "-"]
[White "echecs"]
[Black "Scooter"]
[Result "0-1"]
[WhiteCountry "ENG"]
[BlackCountry "USA"]
[WhiteElo "1790"]
[WhiteRD "68"]
[BlackElo "1703"]
[BlackRD "54"]
[GameID "416541"]

1. e4 c6 2. d4 d5 3. Nc3 dxe4 4. Nxe4 Bf5 5. Ng3 Bg6 6. h4 h6 7. h5 Bh7 8. Nf3 Qc7 9. Bd3 Bxd3 10. Qxd3 Nd7
11. Rh4 e6 12. Ne4 O-O-O 13. Bf4 Qb6 14. O-O-O Ngf6 15. Nxf6 Nxf6 16. Ne5 Rg8 17. Nxf7 Rd5 18. c4 Rxh5 19. Rdh1 Rxh4 20. Rxh4 g5
21. Rxh6 Bxh6 22. Nxh6 gxf4 23. Nxg8 Nxg8 24. Qe4 Kd7 25. Qxf4 Qa6 26. c5 Qc4+ 27. Kb1 Qd5 28. g4 Ne7 29. f3 b6 30. b4 bxc5
31. bxc5 Qc4 32. Qd6+ Ke8 33. Qf4 Nd5 34. Qd2 Qf1+ 35. Kb2 Qxf3 36. g5 Qf4 37. Qxf4 Nxf4 38. a4 Ne2 39. g6 Nxd4 40. g7 Kf7
41. Kc3 Nf5 42. Kb4 e5 43. Ka5 e4 44. Ka6 e3
0-1

[Event "Judit Polgar Cup"]
[Site "SchemingMind.com"]
[Date "2017.07.24"]
[Round "-"]
[White "Scooter"]
[Black "echecs"]
[Result "1-0"]
[WhiteCountry "USA"]
[BlackCountry "ENG"]
[WhiteElo "1711"]
[WhiteRD "52"]
[BlackElo "1806"]
[BlackRD "71"]
[GameID "416542"]

1. d4 g6 2. Nf3 Bg7 3. Bf4 d6 4. e3 c6 5. Nbd2 Nf6 6. Be2 a6 7. O-O O-O 8. c4 Nbd7 9. h3 b5 10. Qc2 Bb7
11. b3 Nh5 12. Bh2 f5 13. Ng5 Qc8 14. Bxh5 gxh5 15. Ne6 Rf7 16. Nxg7 Kxg7 17. Nf3 Nf6 18. Ng5 Rf8 19. Rad1 h6 20. Nf3 Rg8
21. Nh4 Kf7 22. Nxf5 Qf8 23. Bf4 Ke8 24. Nxh6 Rh8 25. Qg6+ Kd7 26. d5 cxd5 27. Qf5+ Kc7 28. cxd5 Qg7 29. Qc2+ Kb6 30. Nf5 Qf8
31. e4 Rc8 32. Be3+ Ka5 33. Qd2+ b4 34. a3 Rc3 35. axb4+ Kb5 36. Qxc3
1-0

[Event "Judit Polgar Cup"]
[Site "SchemingMind.com"]
[Date "2017.07.31"]
[Round "-"]
[White "aliwood"]
[Black "Clive Everill"]
[Result "1-0"]
[WhiteCountry "ENG"]
[BlackCountry "CZE"]
[WhiteElo "1253"]
[WhiteRD "61"]
[BlackElo "1766"]
[BlackRD "60"]
[GameID "416784"]

1. Nf3 d5 2. d4 Nf6 3. c4 dxc4 4. e3 a6 5. Bxc4 e6 6. O-O c5 7. dxc5 Bxc5 8. Qxd8+ Kxd8 9. Rd1+ Ke7 10. Nc3 b5
11. Bf1 Nc6 12. a3 Bb7 13. b4 Bb6 14. Bb2 Rac8 15. Bd3 g6 16. Ne4 e5 17. Nxf6 Kxf6 18. Be2 Bc7 19. Rac1 h6 20. Rc2 g5
21. Rcd2 g4 22. Nxe5 Nxe5 23. Bxg4 Rb8 24. f4 h5 25. Bxe5+ Bxe5 26. fxe5+ Kxe5 27. Bf3 Bxf3 28. gxf3 Rhg8+ 29. Kf2 Rg6 30. f4+ Kf5
31. Kf3 Rg4 32. Rd5+ Kg6 33. h3 Rh4 34. Kg3 Rxh3+ 35. Kxh3 Re8 36. Rg1+ Kh6 37. Rd6+ Kh7 38. Kh4 Rxe3 39. Kxh5 Rh3+ 40. Kg4 Rh2
41. Rd7 Kg8 42. Kf5+ Kf8 43. Re1 Ra2 44. Kf6 Kg8 45. Rd8+ Kh7 46. Rh1+
1-0

[Event "Judit Polgar Cup"]
[Site "SchemingMind.com"]
[Date "2017.08.01"]
[Round "-"]
[White "Clive Everill"]
[Black "aliwood"]
[Result "1-0"]
[WhiteCountry "CZE"]
[BlackCountry "ENG"]
[WhiteElo "1766"]
[WhiteRD "60"]
[BlackElo "1253"]
[BlackRD "61"]
[GameID "416785"]

1. e4 e5 2. f4 d6 3. Nf3 Nc6 4. Bc4 Be6 5. Bxe6 fxe6 6. O-O Nf6 7. Nc3 d5 8. d3 dxe4 9. Nxe4 Nxe4 10. dxe4 Qxd1
11. Rxd1 Be7 12. fxe5 O-O 13. Be3 b6 14. Rd7 Rad8 15. Rxc7 Nb4 16. a3 Bc5 17. Bxc5 Rf7 18. Rxf7 Kxf7 19. Bxb4 h6 20. Bd6 g5
21. Nd4 Rc8 22. Rf1+ Kg6 23. Rf6+ Kh5 24. Nxe6 Kh4 25. Rxh6+ Kg4 26. c3 Rc5 27. Bxc5 b5 28. h3+ Kg3 29. Bf2#
1-0

[Event "Judit Polgar Cup"]
[Site "SchemingMind.com"]
[Date "2017.08.01"]
[Round "-"]
[White "William Lindberg"]
[Black "Helga1946"]
[Result "1-0"]
[WhiteCountry "USA"]
[BlackCountry "GER"]
[WhiteElo "2414"]
[WhiteRD "77"]
[BlackElo "2229"]
[BlackRD "76"]
[GameID "416810"]

1. e4 e5 2. Nf3 Nc6 3. Bb5 a6 4. Ba4 Qf6 5. Nc3 Nge7 6. O-O Nd4 7. Nxd4 exd4 8. Ne2 b6 9. a3 Bb7 10. d3 Ng6
11. Bd2 h5 12. c3 b5 13. Bb3 dxc3 14. Bxc3 Qe7 15. Nd4 c5 16. Nf5 Qg5 17. g3 Nf4 18. h4 Qg6 19. Qd2 Ne6 20. Rfe1 Rg8
21. d4 c4 22. Bc2 O-O-O 23. d5 Nc7 24. a4 Re8 25. d6
1-0

[Event "Judit Polgar Cup"]
[Site "SchemingMind.com"]
[Date "2017.08.02"]
[Round "-"]
[White "Helga1946"]
[Black "William Lindberg"]
[Result "0-1"]
[WhiteCountry "GER"]
[BlackCountry "USA"]
[WhiteElo "2208"]
[WhiteRD "79"]
[BlackElo "2437"]
[BlackRD "75"]
[GameID "416811"]

1. e4 e6 2. d4 d5 3. exd5 exd5 4. Qe2+ Be7 5. Bg5 Nc6 6. c3 h6 7. Bh4 Bf5 8. Nd2 g5 9. Bg3 Qd7 10. Nb3 O-O-O
11. Nf3 h5 12. h3 Nf6 13. Nxg5 Rde8 14. Nxf7 Ne4 15. Nxh8 Nxg3 16. fxg3 Bd6 17. O-O-O Rxe2 18. Bxe2 Qh7 19. Bg4 Bd7 20. Bxd7+ Kxd7
21. Rhf1 Qxh8 22. Rf3 b6 23. Rdd3 Qe8 24. Kc2 Qe2+ 25. Rd2 Qe4+ 26. Rdd3 Ne7 27. a3 Qg6 28. Nd2 c5 29. dxc5 bxc5 30. b3 Nc6
31. Kb2 Qe6 32. Rde3 Ne5 33. Rf1 c4 34. Rfe1 Nd3+ 35. Rxd3 Qxe1 36. Rxd5 Ke6 37. Rd4 Qf2 38. Kc2 Bxg3 39. bxc4 a5 40. Re4+ Kf5
41. h4 Bxh4 42. Kd1 Qg3 43. Rd4 Bf6 44. Rd5+ Ke6 45. Nb3 Qxg2 46. Rd2 Qf1+
0-1

[Event "Judit Polgar Cup"]
[Site "SchemingMind.com"]
[Date "2017.07.30"]
[Round "-"]
[White "Robert Bruce"]
[Black "Mitch The Man"]
[Result "1-0"]
[WhiteCountry "SCO"]
[BlackCountry "USA"]
[WhiteElo "2383"]
[WhiteRD "75"]
[BlackElo "1376"]
[BlackRD "62"]
[GameID "416835"]

1. f4 e6 2. Nf3 f6 3. e4 Bd6 4. d4 c6 5. Bd3 Ne7 6. e5 fxe5 7. fxe5 Bc7 8. Ng5 Nf5 9. O-O O-O 10. Rxf5 exf5
11. Bc4+ Kh8 12. Qh5 h6 13. Qg6 hxg5 14. Qh5#
1-0

[Event "Judit Polgar Cup"]
[Site "SchemingMind.com"]
[Date "2017.07.29"]
[Round "-"]
[White "Mitch The Man"]
[Black "Robert Bruce"]
[Result "0-1"]
[WhiteCountry "USA"]
[BlackCountry "SCO"]
[WhiteElo "1376"]
[WhiteRD "62"]
[BlackElo "2383"]
[BlackRD "75"]
[GameID "416836"]

1. e4 Nf6 2. Bd3 e5 3. Ne2 Be7 4. O-O O-O 5. h3 c6 6. a3 d5 7. Nbc3 d4 8. Nb1 Nbd7 9. Ng3 Nc5 10. Be2 d3
11. cxd3 Be6 12. Qe1 Nb3 13. Ra2 Nxc1 14. Ra1 Nb3 15. Nc3 Nxa1 16. Qxa1 g6 17. Nh1 h5 18. f3 Nd7 19. Nd1 Nc5 20. b4 Nb3
21. Qb2 a5 22. b5 cxb5 23. Kh2 a4 24. g3 b4 25. Qxe5 Ra5 26. Qf4 Bg5
0-1

[Event "Judit Polgar Cup"]
[Site "SchemingMind.com"]
[Date "2017.07.31"]
[Round "-"]
[White "John Willis"]
[Black "Ragged Rook"]
[Result "0-1"]
[WhiteCountry "USA"]
[BlackCountry "ENG"]
[WhiteElo "1558"]
[WhiteRD "103"]
[BlackElo "1924"]
[BlackRD "94"]
[GameID "416907"]

1. c4 g6 2. d4 Bg7 3. e4 d6 4. Nc3 Nc6 5. Be3 e5 6. d5 Nce7 7. g4 f5 8. gxf5 gxf5 9. Qh5+ Ng6 10. exf5 Qh4
11. Qf3 N6e7 12. Nb5 Kd8 13. Qg2 Bh6 14. Nf3 Qf6 15. Ng5 a6 16. Ne4 Qxf5 17. Ng3 Qc2 18. Na3 Qxb2 19. Rb1 Qxa3 20. Be2 Qc3+
21. Bd2 Qxd2+ 22. Kf1 Qxa2 23. Qe4 Bh3+ 24. Ke1 Qd2#
0-1

[Event "Judit Polgar Cup"]
[Site "SchemingMind.com"]
[Date "2017.07.31"]
[Round "-"]
[White "Ragged Rook"]
[Black "John Willis"]
[Result "1-0"]
[WhiteCountry "ENG"]
[BlackCountry "USA"]
[WhiteElo "1904"]
[WhiteRD "92"]
[BlackElo "1550"]
[BlackRD "103"]
[GameID "416908"]

1. g3 d5 2. Bg2 e6 3. Nf3 Nf6 4. O-O Be7 5. d3 c5 6. Nbd2 Nc6 7. e4 b6 8. Re1 Bb7 9. e5 Nd7 10. c4 d4
11. h4 Qc7 12. Ne4 Ndxe5 13. Nxe5 Nxe5 14. Bf4 f6 15. Nxf6+ gxf6 16. Qh5+ Kd7 17. Bh3 Nf3+ 18. Kf1 Bd6 19. Qf7+ Kc6 20. Qxe6 Rae8
21. Qd5#
1-0

[Event "Judit Polgar Cup"]
[Site "SchemingMind.com"]
[Date "2017.08.03"]
[Round "-"]
[White "grabapawn"]
[Black "Don71"]
[Result "0-1"]
[WhiteCountry "USA"]
[BlackCountry "NIR"]
[WhiteElo "1621"]
[WhiteRD "55"]
[BlackElo "2353"]
[BlackRD "88"]
[GameID "416954"]

1. e4 e5 2. d4 exd4 3. c3 d5 4. Nf3 dxe4 5. Nxd4 Nf6 6. Bc4 Be7 7. O-O O-O 8. Nd2 Nbd7 9. Re1 Ne5 10. Bb3 c5
11. Nb5 Nd3 12. Re3 Nxf2 13. Qe2 N2g4 14. Rg3 a6 15. Na3 Bd6 16. Rh3 Qc7 17. Nxe4 Bxh2+ 18. Kf1 Nxe4 19. Qxe4 Nf6 20. Qh4 Bxh3
21. Qxh3 Bg3 22. Bc2 Rfe8 23. Bd2 Rad8 24. Bg5 Qe5 25. Bxf6 Qe1+
0-1

[Event "Judit Polgar Cup"]
[Site "SchemingMind.com"]
[Date "2017.08.04"]
[Round "-"]
[White "Don71"]
[Black "grabapawn"]
[Result "1-0"]
[WhiteCountry "NIR"]
[BlackCountry "USA"]
[WhiteElo "2327"]
[WhiteRD "91"]
[BlackElo "1594"]
[BlackRD "51"]
[GameID "416955"]

1. e4 c5 2. Nf3 g6 3. Nc3 Bg7 4. d4 cxd4 5. Nxd4 Nc6 6. Be3 Nf6 7. Nxc6 bxc6 8. e5 Nd5 9. Nxd5 cxd5 10. Qxd5 Rb8
11. O-O-O O-O 12. Bxa7 Rb7 13. Bd4 e6 14. Qd6 Qa5 15. a3 f6 16. exf6 Bxf6 17. Bxf6 Rxf6 18. f4 Rb6 19. Qc7 Rxf4 20. Qxf4 d5
21. Qc7 Ba6 22. Qd8+ Kg7 23. Qe7+ Kh6 24. Qf8+ Kh5 25. g4+ Kxg4 26. Bh3+ Kxh3 27. Qf3+ Kh4 28. Rd4+ Kg5 29. Qf4+
1-0

[Event "Judit Polgar Cup"]
[Site "SchemingMind.com"]
[Date "2017.08.07"]
[Round "-"]
[White "Adrian Grajczak"]
[Black "Omahony"]
[Result "1-0"]
[WhiteCountry "POL"]
[BlackCountry "ENG"]
[WhiteElo "1866"]
[WhiteRD "98"]
[BlackElo "1790"]
[BlackRD "80"]
[GameID "417127"]

1. e4 e6 2. d3 d5 3. Nd2 c5 4. Ngf3 Nf6 5. g3 Nc6 6. Bg2 Be7 7. O-O O-O 8. e5 Nd7 9. Re1 Qb6 10. c3 Qc7
11. Qe2 b5 12. Nf1 Bb7 13. Bf4 Rac8 14. h4 d4 15. N1h2 Rfd8 16. Ng5 Nf8 17. Qh5 Bxg5 18. hxg5 dxc3 19. bxc3 Rxd3 20. Ng4 Ne7
21. Nf6+ Kh8 22. Bxb7 Qxb7 23. Qxf7 Neg6 24. Qg8#
1-0

[Event "Judit Polgar Cup"]
[Site "SchemingMind.com"]
[Date "2017.08.08"]
[Round "-"]
[White "Omahony"]
[Black "Adrian Grajczak"]
[Result "0-1"]
[WhiteCountry "ENG"]
[BlackCountry "POL"]
[WhiteElo "1774"]
[WhiteRD "76"]
[BlackElo "1904"]
[BlackRD "87"]
[GameID "417128"]

1. d4 d6 2. e3 Nf6 3. Bd3 e5 4. Nd2 Be7 5. h3 O-O 6. Ngf3 Nbd7 7. O-O c6 8. b3 b5 9. Bb2 exd4 10. exd4 Nd5
11. c4 Nf4 12. Qc2 Nxd3 13. Qxd3 bxc4 14. bxc4 Bf6 15. Bc3 d5 16. c5 Re8 17. Rfe1 Nf8 18. a4 Be6 19. Rab1 Qd7 20. Rb2 Bf5
21. Qa6 Reb8 22. Ne5 Bxe5 23. Rxe5 Rxb2 24. Bxb2 Rb8 25. Bc3 Ng6 26. Re3 h5 27. Qe2 h4 28. Qh5 Bc2 29. a5 Qf5 30. Qxf5 Bxf5
31. Kf1 Kf8 32. Kg1 Nf4 33. Kh2 Ng6 34. g3 hxg3+ 35. fxg3 Ne7= 36. Kg2 Bc8 37. g4 Ba6 38. Kg3 Ng6 39. h4 Ne7 40. Kf4 Nc8
41. Ke5 f6+ 42. Ke6 Rb7 43. Kf5 Kf7 44. h5 Ne7+ 45. Kf4 Rb8 46. g5 Rh8 47. Rh3 Be2 48. gxf6 Kxf6 49. Nf3 Nf5 50. Rh2 Bxf3
51. Kxf3 Rb8 52. Kf4 Rb3 53. Rh3 Rb1 54. Rf3 Rh1 55. Rf2 Rh4+ 56. Kf3 Rh3+ 57. Kg4 Rg3+
0-1

[Event "Judit Polgar Cup"]
[Site "SchemingMind.com"]
[Date "2017.08.10"]
[Round "-"]
[White "frankly"]
[Black "Geoffrey Rosser"]
[Result "1-0"]
[WhiteCountry "ENG"]
[BlackCountry "ENG"]
[WhiteElo "2533"]
[WhiteRD "59"]
[BlackElo "1999"]
[BlackRD "77"]
[GameID "417223"]

1. e4 e5 2. Nf3 Nc6 3. Bb5 Nf6 4. O-O Nxe4 5. d4 Nd6 6. Bxc6 dxc6 7. dxe5 Nb5 8. Qxd8+ Kxd8 9. c4 Nd6 10. Rd1 Bd7
11. exd6 cxd6 12. Nc3 Kc7 13. Bf4 Bg4 14. Ne4
1-0

[Event "Judit Polgar Cup"]
[Site "SchemingMind.com"]
[Date "2017.08.10"]
[Round "-"]
[White "Geoffrey Rosser"]
[Black "frankly"]
[Result "0-1"]
[WhiteCountry "ENG"]
[BlackCountry "ENG"]
[WhiteElo "1999"]
[WhiteRD "77"]
[BlackElo "2533"]
[BlackRD "59"]
[GameID "417224"]

1. e4 c5 2. Nf3 Nc6 3. d4 cxd4 4. Nxd4 Nf6 5. Nxc6 bxc6 6. Nc3 e5 7. Bc4 Bb4 8. O-O O-O 9. Qf3= d5 10. exd5 Bxc3
11. Qxc3 cxd5 12. Be2 d4 13. Qg3 Bf5 14. Qxe5 Bxc2 15. Bg5 Re8 16. Bxf6 Rxe5 17. Bxd8 Rxd8 18. Bf3 Rb5 19. b3 Rc5 20. b4 Rc4
21. a3 Rc3 22. Bd1 Bd3 23. Re1 Bc4 24. Ba4 d3 25. f3 d2 26. Reb1 g6 27. Kf2 Rd6 28. Rd1 Ra6 29. Bd7 Rd3 30. b5 Rad6
31. Bc6 Bb3 32. Be4 Bxd1 33. Bxd3 Bb3 34. Be2 d1=Q 35. Bxd1 Rxd1 36. Rxd1 Bxd1
0-1

[Event "Judit Polgar Cup"]
[Site "SchemingMind.com"]
[Date "2017.08.12"]
[Round "-"]
[White "Mekk"]
[Black "MichaelG"]
[Result "1/2-1/2"]
[WhiteCountry "POL"]
[BlackCountry "GER"]
[WhiteElo "1883"]
[WhiteRD "82"]
[BlackElo "2026"]
[BlackRD "81"]
[GameID "417238"]

1. e4 e6 2. d4 d5 3. exd5 exd5 4. Bd3 Nc6 5. c3 Bd6 6. Nf3 Nge7 7. O-O Bg4 8. Nbd2 Qd7 9. Re1 O-O 10. h3 Bf5
11. Qc2 Bxd3 12. Qxd3 Rae8 13. Nf1 Ng6 14. Bd2 Nd8 15. Ng3 Bxg3 16. fxg3 Ne6 17. Ne5 Nxe5 18. Rxe5 Nc5 19. Qe2 Ne4 20. Rxe8 Rxe8
21. Qd3 Nxd2 22. Qxd2 Qe6 23. Rf1 Qe3+ 24. Qxe3 Rxe3 25. Kf2 Re6 26. Rd1 Kf8 27. Rd3 Ke7 28. g4 Kd6=
1/2-1/2

[Event "Judit Polgar Cup"]
[Site "SchemingMind.com"]
[Date "2017.08.12"]
[Round "-"]
[White "MichaelG"]
[Black "Mekk"]
[Result "1-0"]
[WhiteCountry "GER"]
[BlackCountry "POL"]
[WhiteElo "2026"]
[WhiteRD "81"]
[BlackElo "1883"]
[BlackRD "82"]
[GameID "417239"]

1. Nf3 c5 2. c4 Nc6 3. d4 cxd4 4. Nxd4 g6 5. e4 Bg7 6. Be3 Nf6 7. Nc3 O-O 8. Nc2 d6 9. Be2 a6 10. O-O Be6
11. Qd2 Ng4 12. Bxg4 Bxg4 13. Nd4 Ne5 14. b3 Qc8 15. Rac1 Nc6 16. Nd5 Re8 17. Nb6 Qc7 18. Nxa8 Rxa8 19. Nxc6 Qxc6 20. h3 Be6
21. f3 Rc8 22. c5 d5 23. exd5 Bxd5 24. Rfd1 e6 25. Bd4 Bf8 26. Qe3 Qb5 27. Qe5 f6 28. Qxf6 Qc6 29. Qh8+ Kf7 30. Qxh7+ Ke8
31. Qxg6+ Kd7 32. Qf7+ Be7 33. Bf6 Re8 34. Rd4 b6 35. b4 Kd8 36. Rg4
1-0

[Event "Judit Polgar Cup"]
[Site "SchemingMind.com"]
[Date "2017.08.15"]
[Round "-"]
[White "Chessibelle"]
[Black "nikita68"]
[Result "0-1"]
[WhiteCountry "ENG"]
[BlackCountry "RUS"]
[WhiteElo "1223"]
[WhiteRD "67"]
[BlackElo "2361"]
[BlackRD "70"]
[GameID "417353"]

1. e4 c6 2. Nc3 d5 3. d4 dxe4 4. Nxe4 Bf5 5. Bd3 Qxd4 6. Qf3 Bxe4 7. Bxe4 Nf6 8. Be3 Qxb2 9. Qd1 Nxe4 10. Nf3 Qc3+
11. Nd2 Nxd2 12. Bxd2 Qe5+ 13. Be3 e6 14. O-O Bd6 15. g3 Bc5 16. Re1 O-O 17. Qg4 Bxe3 18. Rxe3 Qxa1+ 19. Kg2 Qxa2 20. c4 Nd7
21. Re4 Nf6 22. Qf4 Nxe4 23. Qxe4 Rad8 24. Kh3 Rd2 25. Kh4 Rxf2 26. Qg4 Rxh2+
0-1

[Event "Judit Polgar Cup"]
[Site "SchemingMind.com"]
[Date "2017.08.15"]
[Round "-"]
[White "nikita68"]
[Black "Chessibelle"]
[Result "1-0"]
[WhiteCountry "RUS"]
[BlackCountry "ENG"]
[WhiteElo "2361"]
[WhiteRD "70"]
[BlackElo "1223"]
[BlackRD "67"]
[GameID "417354"]

1. d4 d5 2. c4 Nf6 3. cxd5 Nxd5 4. e4 Nf6 5. Nc3 e6 6. Nf3 Nc6 7. Bg5 Be7 8. Bb5 Bd7 9. O-O O-O 10. h3 a6
11. Be2 Bd6 12. e5 Be7 13. exf6 gxf6 14. Bh6 Re8 15. d5 exd5 16. Qxd5 f5 17. Rad1 Bf6 18. Qxd7 Qb8 19. Qxf5 Ne7 20. Qxf6 Ng6
21. Qg7#
1-0

[Event "Judit Polgar Cup"]
[Site "SchemingMind.com"]
[Date "2017.08.16"]
[Round "-"]
[White "poulerikjorgensen"]
[Black "Ilang"]
[Result "0-1"]
[WhiteCountry "DEN"]
[BlackCountry "HUN"]
[WhiteElo "1122"]
[WhiteRD "212"]
[BlackElo "2442"]
[BlackRD "107"]
[GameID "417400"]

1. e4 e5 2. Nf3 Nc6 3. Bb5 a6 4. Ba4 Nf6 5. O-O Be7 6. Re1 b5 7. Bb3 O-O 8. c3 d5 9. exd5 Nxd5 10. d3 Bf6
11. Nbd2 Nf4 12. d4 Nd3
0-1

[Event "Judit Polgar Cup"]
[Site "SchemingMind.com"]
[Date "2017.08.17"]
[Round "-"]
[White "Ilang"]
[Black "poulerikjorgensen"]
[Result "1-0"]
[WhiteCountry "HUN"]
[BlackCountry "DEN"]
[WhiteElo "2442"]
[WhiteRD "107"]
[BlackElo "1122"]
[BlackRD "212"]
[GameID "417401"]

1. e4 e6 2. d4 d5 3. Nc3 dxe4 4. Nxe4 Nd7 5. Nf3 Ngf6 6. Nxf6+ Nxf6 7. Bd3 Be7 8. Bg5 O-O 9. Qe2 c5 10. dxc5 Qa5+
11. c3 Qxc5 12. O-O-O Rd8 13. Bxf6
1-0